000 00998nam a2200217Ii 4500
003 JO-AjNU
008 230605s9999||||xx |||||||||||||| ||und||
017 _a1997/14675
020 _a977-01-5532-2
040 _aJO-AjNU
_bara
_erda
_cJO-AjNU
041 _aara
050 1 4 _aPJ7542.E8.S8212 1998
100 3 _aستيتكيفيتش، سوزان بينكي ؛ ترجمة وتقديم حسن البنا عز الدين,
_eauthor
_99672
245 0 0 _aدراسات أدبية: أدب السياسة وسياسة الأدب التفسير الطقوسي لقصيدة المدح في الشعر العربي القديم
264 3 1 _aالقاهرة: الهيئة المصرية العامة للكتاب، 1998
300 _a231ص
336 _atext
_btxt
_2rdacontent
337 _aunmediated
_bn
_2rdamedia
338 _avolume
_bnc
_2rdacarrier
650 4 _aالأدب العربي - الشعر العربي القديم - ترجمة - شعر الفخر والمديح - تاريخ ونقد
_99673
999 _aA1420
_c4988
_d4988